|
|
|
|
| LEADER |
01334nam a22003134a 4500 |
| 001 |
43600 |
| 003 |
BD-DhAAL |
| 005 |
20241029170638.0 |
| 008 |
030612t2004 dcua b 001 0 eng |
| 010 |
|
|
|a 2003057160
|
| 020 |
|
|
|a 0821355252
|
| 040 |
|
|
|a DLC
|c DLC
|d DLC
|d BD-DhAAL
|
| 042 |
|
|
|a pcc
|
| 043 |
|
|
|a d------
|
| 050 |
0 |
0 |
|a RA410.53
|b .H437 2004
|
| 082 |
0 |
0 |
|a 362.1/09172/4
|2 21
|
| 245 |
0 |
0 |
|a Health financing for poor people :
|b resource mobilization and risk sharing /
|c editors, Alexander S. Preker and Guy Carrin.
|
| 260 |
|
|
|a Washington, DC :
|b World Bank ;
|a Geneva : Worlh Health Organization : International Labour Office,
|c 2004.
|
| 300 |
|
|
|a xxi, 446 pages :
|b illustrations ;
|c 26 cm.
|
| 504 |
|
|
|a Includes bibliographical references and index.
|
| 541 |
|
|
|a Savar campus library
|e 43600
|
| 650 |
|
0 |
|a Poor
|x Medical care
|z Developing countries.
|9 29409
|
| 650 |
|
0 |
|a Medical economics
|z Developing countries.
|9 6315
|
| 650 |
|
0 |
|a Medical care
|x Utilization
|z Developing countries.
|9 57005
|
| 700 |
1 |
|
|a Preker, Alexander S.,
|d 1951-
|9 10344
|
| 700 |
1 |
|
|a Carrin, Guy.
|9 57007
|
| 942 |
|
|
|2 ddc
|c BK
|
| 999 |
|
|
|c 47036
|d 47036
|
| 952 |
|
|
|0 0
|1 0
|2 ddc
|4 0
|6 362_109172400000000_HEA
|7 0
|9 76712
|a SCL
|b SCL
|c GEN
|d 2024-10-21
|e Savar Campus Library
|l 0
|o 362.1091724 HEA
|p 3020043600
|r 2024-10-21
|t 1
|w 2024-10-21
|y BK
|x Price not available in register.
|